Quizzes
Events
Quiz Creation
Community
Videos
Private Events
Remove Ads
Sign In
Join for FREE
Feedback
Dark Mode
Quiz Categories
Sports
Geography
Music
Movies
Television
Just For Fun
Miscellaneous
History
Literature
Language
Science
Gaming
Entertainment
Religion
Holiday
For Kids
Quiz Lab
Recent
Popular Today
Quiz Kudos Today
Editor Picks
Curator Picks
Quizzes by...
Day
Popularity
Type
Ratings
Length
Year
Community
Subscriptions
Recent Discussions
Orange Saloon
Badges
Playlists
Quests
Create
Leaderboards
Showdown
Live 5
Trivia Bingo
Activity
Puzzle Library
Sporcle Events
Private Events
Virtual Trivia
Globe League
Become a Host
Pub Owners
SporcleCon
Opinionation
Our Games
Videos
Blog
Mobile Apps
Partnerships
Remove Ads and Go Orange
Feedback
Geography
Country
Landmarks
City
State
Population
World
Capital
Continent
Flags
Europe
Africa
Asia
South America
North America
Oceania
Border
Canada
United Kingdom
Topography
United States
Geography
Country
Landmarks
City
State
Population
World
Capital
Continent
Flags
Europe
Africa
Asia
South America
North America
Oceania
Border
Canada
United Kingdom
Topography
United States
Random Quiz
Search Sporcle
×
Quiz Lab
Quiz Lab
Geography
City
Type in answers that appear in a list
Type in answers that appear in a list
Classic
Best Score? Go Orange.
Municipalities of Finland (A-L) Stats
Can you name the Municipalities of Finland (A-L)?
By
Samump
20m
150 Questions
1,134 Plays
1,134 Plays
1,134 Plays
Comments
Comments
Give Quiz Kudos
Give Quiz Kudos
-
- Ratings
hide this ad
More Info
Replay
Link that replays current quiz
Next Quiz
Link to next quiz in quiz playlist
You Got
0%
They Got
Avg Score
77%
Avg Friend Score
Upgrade to see
Score Distribution
Jump to the score distribution portion of the page
Score
0/150
Timer
20:00
0
Plays Today
Municipality
% Correct
Helsinki
97.1%
Espoo
96.7%
Ii
95.4%
Akaa
94.7%
Kemi
94.6%
Hämeenlinna
93.8%
Jyväskylä
93.6%
Lahti
92.9%
Enontekiö
92.7%
Kokkola
92.5%
Iisalmi
92%
Inari
91.9%
Joensuu
91.6%
Kotka
91.4%
Lappeenranta
91.3%
Kouvola
91.1%
Eura
91%
Kuopio
91%
Forssa
90.9%
Hamina
90.7%
Alavus
90.6%
Alajärvi
90.4%
Hanko
90.4%
Imatra
90.3%
Kemijärvi
89.6%
Kuusamo
89.4%
Kajaani
88.5%
Heinola
88.4%
Eurajoki
88.1%
Lohja
88.1%
Hämeenkyrö
88%
Kerava
87.6%
Loimaa
87.6%
Hollola
87.5%
Jämsä
87.4%
Kaarina
87%
Hyvinkää
86.3%
Ilmajoki
86.2%
Lapua
86.2%
Huittinen
86.2%
Janakkala
86.2%
Keminmaa
86.2%
Hattula
86.1%
Kauhava
86%
Järvenpää
85.8%
Kempele
85.8%
Ikaalinen
85.6%
Kankaanpää
85.6%
Alavieska
85.5%
Lempäälä
85.5%
Municipality
% Correct
Lieksa
85.5%
Haapajärvi
85.4%
Kauhajoki
85.4%
Kangasala
85.3%
Asikkala
85.1%
Inkoo
85.1%
Juuka
84.7%
Iitti
84.7%
Ilomantsi
84.7%
Juva
84.6%
Kuhmo
84.6%
Keuruu
84.4%
Eckerö
84.1%
Kittilä
84%
Askola
84%
Jokioinen
84%
Kristiinankaupunki
83.6%
Haapavesi
83.3%
Kontiolahti
83.2%
Loviisa
83.2%
Kirkkonummi
83.1%
Aura
82.9%
Kauniainen
82.6%
Joutsa
82.4%
Jomala
81.9%
Lieto
81.9%
Halsua
81.8%
Karkkila
81.8%
Laihia
81.7%
Evijärvi
81.7%
Kaskinen
81.7%
Geta
81.4%
Föglö
81.3%
Kalajoki
81.3%
Liperi
81.3%
Laukaa
81.1%
Heinävesi
81%
Kurikka
81%
Brändö
81%
Joroinen
80.9%
Humppila
80.6%
Karstula
80.5%
Kitee
80.5%
Koski Tl
80.5%
Harjavalta
80.4%
Hailuoto
80.3%
Hankasalmi
80.3%
Isojoki
80.3%
Liminka
79.8%
Lemi
79.7%
Municipality
% Correct
Enonkoski
79%
Kemiönsaari
79%
Kolari
79%
Karvia
78.9%
Lapinlahti
78.7%
Luumäki
78.7%
Juupajoki
78.5%
Leppävirta
78.5%
Kustavi
78.4%
Laitila
78.3%
Isokyrö
78.2%
Hyrynsalmi
77.8%
Kuhmoinen
77.8%
Kyyjärvi
77.8%
Jämijärvi
77.7%
Lumijoki
77.2%
Loppi
77%
Kangasniemi
76.8%
Kaustinen
76.1%
Lemland
75.9%
Lumparland
75.9%
Lappajärvi
75.8%
Luhanka
75.8%
Honkajoki
75.7%
Lapinjärvi
75.7%
Finström
75.7%
Hartola
75.3%
Kärsämäki
75.2%
Hammarland
74.9%
Kokemäki
74.9%
Kiuruvesi
74.4%
Luoto
74.3%
Kaavi
73.8%
Kannus
73.5%
Kärkölä
73.5%
Keitele
73.3%
Kuortane
73.1%
Hirvensalmi
72.7%
Kihniö
72.2%
Kannonkoski
71.8%
Kivijärvi
71.8%
Hausjärvi
71.2%
Konnevesi
71%
Kinnula
70.7%
Kumlinge
70.2%
Kökar
70%
Kruunupyy
69.6%
Korsnäs
69.4%
Karijoki
67.9%
Lestijärvi
67.2%
Quiz Playlist
Details
Report
Send in Message
Add To Playlist
More Info:
Updated 2019
Classic:
Type in answers that appear in a list
Quiz Source
Last Updated: Jul 13, 2019
Quiz Scoreboard
CHALLENGE
Sign Up to Join the Scoreboard
Show All
Scores
Hide
Comments
May contain spoilers
Recently Published
An Introduction to Baseball
by treessimontrees
Sports
5m
Movies - When Are They Set?
by FPL_Elf
Movies
5m
Popular People in 1961
by mucciniale
History
6m
More to Explore
Quiz From the Vault
Featured Blog Post
Where Did the Easter Bunny Come From?
hide this ad
You Might Also Like...
Tags
City Quiz
Finland
Municipality
Today's Top Quizzes in Geography
Browse Geography
hide this ad
Today's Top Quizzes in City
Browse City
Top Contributed Quizzes in Geography
1
Countries of the World - No Outlines Minefield
2
Top 25 Cities of France on a map
3
Closest Countries to UK A-Z
4
One Thing in Common: United Kingdom
5
Any capital of a 'B' country per Continent
6
Blind Secret Country CLXXXVIII
7
African Flag Reveal XLV
8
Blind Ultimate Minefield: USA
9
Find the US States - No Outlines
10
One Thing in Common: Asia
Explore More
Trending Topics
Anime
NBA
Marvel
Kpop
Disney
Harry Potter
Crossword
Song
Puzzle
Soccer
Country
NFL
The Office
WWE
Pokémon
hide this ad
More By:
Samump
Quiz
Plays
Rating
Category
Featured
Created
Municipalities of Finland (A-L)
1,134
5.00
Geography
Mar 6, 2011
Municipalities of Finland (M-Ö)
1,055
5.00
Geography
Mar 6, 2011
Go to Creator's Profile
Score Distribution
Quiz Creator Spotlight
Samump
Follow
Send a Message
Quizzes Created
-
Created Quiz Play Count
-
More By This Creator
Popular Quizzes Today
1
Find the Countries of Europe - No Outlines Minefield
2
Find the US States - No Outlines Minefield
3
The Countries of the World
4
Popular People in 1961
5
US States
6
1-10 Letter E Words III
7
Find the US States
8
One Thing in Common: World Cities II
More Geography Quizzes
Siberian City or Serbian City?
Curator's Pick
Trending Quizzes
Risky Map Clicking: Least Populous States A-Z
1-10 Letter F Words
1-10 Letter G Words
One Thing in Common: United Kingdom
Risky Map Clicking: Next State Alphabetically
Recently Updated
Leaping Animals
pecheneg
Reality TV Shows (A-Z)
bhenderson79
Rickey Henderson's Hall of Fame Teammates
pecheneg
Champions League XIs: Arsenal
pecheneg
Quick Pick: Celebrities in WWE's Hall of Fame
aduchscher
A-Z Keypad Blitz II
pecheneg
Multiple Oscar Actors
pecheneg
Mystery Phrase Blitz: Oscar 'Best Actors'
pecheneg
F. Scott Fitzgerald Novels
LTH
Pick 3 Villains
ddd62291
Trending Topics
NBA
Anime
Marvel
Harry Potter
Kpop
Disney
Crossword
Song
Puzzle
WWE
Country
The Office
Pokémon
NFL
Soccer
Your Account Isn't Verified!
In order to create a playlist on Sporcle, you need to verify the email address you used during registration. Go to your
Sporcle Settings
to finish the process.
Report this User
Report this user for behavior that violates our
Community Guidelines
.
Details:
Send Report
Go to the Sporcle.com Mobile Site →
Comments